| 000 | 00899nas a2200301 4500 | ||
|---|---|---|---|
| 001 | BR2010000387 | ||
| 003 | BR-BrBNA | ||
| 005 | 20231205114043.0 | ||
| 007 | ta | ||
| 008 | 230509b bl.|||p| |||| 00| 00por d | ||
| 040 |
_aBR-BrBNA _bpor _cBiblioteca Nacional de Agricultura |
||
| 041 | _a(Pt) | ||
| 072 | _aQ04 | ||
| 100 | 1 | _aCeni, G.C. | |
| 100 | 1 | _aColet, R. | |
| 100 | 1 | _aPeruzzolo, M. | |
| 100 | 1 | _aWitschinski, F. | |
| 100 | 1 | _aTomicki, L. | |
| 100 | 1 | _aBarriquello, A.L. | |
| 100 | 1 | _aValduga, E. | |
| 245 | 1 | _aAvaliação de componentes nutricionais de cultivares de mandioca (Manihot esculenta Crantz) | |
| 650 | _aMANDIOCA | ||
| 650 | _aCOMPOSIÇÃO QUÍMICA | ||
| 650 | _aVARIEDADE | ||
| 773 | 0 |
_tAlimentos e Nutrição (Brazil) _xISSN 0103-4235 _g(Jan-Mar 2009), v. 20(1) p. 107-111 _wBR2010000387 |
|
| 909 |
_a202311 _bLúcia _c55 _dLúcia Elande |
||
| 942 |
_2AGRIS _n0 _cANA |
||
| 999 |
_c206892 _d206892 |
||